Catalog

Record Details

Catalog Search



The source of self-regard : selected essays, ... Read More

Morrison, Toni,(author.).

Available copies

  • 2 of 2 copies available at LARL/NWRL Consortium.
  • 2 of 2 copies available at Lake Agassiz Regional Library. (Show preferred library)

Current holds

0 current holds with 2 total copies.

Show All Copies
Location Call Number / Copy Notes Barcode Shelving Location Status Due Date
Moorhead Public Library 814.6 MOR (Text) 33500013006515 Main Available -
Moorhead Public Library 814.6 MOR (Text) 33500013006531 Main Available -

Record details

  • ISBN: 9780525521037
  • ISBN: 0525521038
  • Physical Description: ix, 354 pages ; 25 cm
  • Edition: First edition.
  • Publisher: New York : Alfred A. Knopf, 2019.

Content descriptions

Bibliography, etc. Note:
Includes bibliographical references (pages ... Read More
Formatted Contents Note:
I. THE FOREIGNER'S HOME. The dead of September 11 ... Read More
Summary, etc.:
Arguably the most celebrated and revered writer of ... Read More
Subject: Essays > African American authors.
Speeches, addresses, etc., American > African American authors.
Meditations > African American authors.
Essays > Women authors.
Speeches, addresses, etc., American > Women authors.
Meditations > Women authors.
LITERARY COLLECTIONS / Speeches.
LITERARY COLLECTIONS / Essays.
LITERARY COLLECTIONS / American / African American.
Genre: Essays.
Meditations.
Nonfiction.
Speeches.
Essays.
Meditations.
LDR 04871cam a22005778i 4500
001297772
003LARL_NWRL_CONSORTIUM
00520190212212406.0
008180517s2019 nyu b 000 0 eng
010 . ‡a 2018023690
040 . ‡aDLC ‡beng ‡erda ‡cDLC ‡dBDX ‡dOCLCQ ‡dERASA ‡dGK8 ‡dOCLCQ ‡dOCLCA ‡dIZ2 ‡dFBR ‡dOCLCF ‡dYDX ‡dOQX ‡dZJI ‡dT7X ‡dA2A ‡dTCH
020 . ‡a9780525521037 ‡q(hardcover)
020 . ‡a0525521038 ‡q(hardcover)
035 . ‡a(OCoLC)1035802641
042 . ‡apcc
08200. ‡a814/.54 ‡223
1001 . ‡aMorrison, Toni, ‡eauthor. ‡0(LARL_NWRL_CONSORTIUM)66030
24010. ‡aWorks. ‡kSelections
24514. ‡aThe source of self-regard : ‡bselected essays, speeches, and meditations / ‡cToni Morrison.
250 . ‡aFirst edition.
264 1. ‡aNew York : ‡bAlfred A. Knopf, ‡c2019.
300 . ‡aix, 354 pages ; ‡c25 cm
336 . ‡atext ‡btxt ‡2rdacontent
337 . ‡aunmediated ‡bn ‡2rdamedia
338 . ‡avolume ‡bnc ‡2rdacarrier
504 . ‡aIncludes bibliographical references (pages [353]-354).
5050 . ‡aI. THE FOREIGNER'S HOME. The dead of September 11 -- The foreigner's home -- Racism and fascism -- Home -- Wartalk -- The war on error -- A race in mind: the press in deed -- Moral inhabitants -- The prince of wealth, the cost of care -- The habit of art -- The individual artist -- Arts advocacy -- Sarah Lawrence commencement address -- The slavebody and the blackbody -- Harlem on my mind: contesting memory: meditation on museums, culture, and integration -- Women, race, and memory -- Literature and public life -- The Nobel lecture in literature -- Cinderella's stepsisters -- The future of time: literature and diminished expectations -- INTERLUDE: BLACK MATTERS. Tribute to Martin Luther King, Jr. -- Race matters -- Black matter(s) -- Unspeakable things unspoken: the Afro-American presence in American literature -- Academic whispers -- Gertrude Stein and the difference she makes -- Hard, true, and lasting -- PART II. GOD'S LANGUAGE. James Baldwin eulogy -- The site of memory -- God's language -- Grendel and his mother -- The writer before the page -- The trouble with paradise -- On "Beloved" -- Chinua Achebe -- Introduction of Peter Sellars -- Tribute to Romare Bearden -- Faulkner and women -- The source of self-regard -- Rememory -- Memory, creation, and fiction -- Memory, creation, and fiction -- Goodbye to all that: race, surrogacy, and farewell -- Invisible ink: reading the writing and writing the reading.
5208 . ‡aArguably the most celebrated and revered writer of our time now gives us a new nonfiction collection--a rich gathering of her essays, speeches, and meditations on society, culture, and art, spanning four decades.00The Source of Self-Regard is brimming with all the elegance of mind and style, the literary prowess and moral compass that are Toni Morrison's inimitable hallmark. It is divided into three parts: the first is introduced by a powerful prayer for the dead of 9/11; the second by a searching meditation on Martin Luther King Jr., and the last by a heart-wrenching eulogy for James Baldwin. In the writings and speeches included here, Morrison takes on contested social issues: the foreigner, female empowerment, the press, money, "black matter(s)," and human rights. She looks at enduring matters of culture: the role of the artist in society, the literary imagination, the Afro-American presence in American literature, and in her Nobel lecture, the power of language itself. And here too is piercing commentary on her own work (including The Bluest Eye, Sula, Tar Baby, Jazz, Beloved, and Paradise) and that of others, among them, painter and collagist Romare Bearden, author Toni Cade Bambara, and theater director Peter Sellars.
650 0. ‡aEssays ‡xAfrican American authors.
650 0. ‡aSpeeches, addresses, etc., American ‡xAfrican American authors.
650 0. ‡aMeditations ‡xAfrican American authors.
650 0. ‡aEssays ‡xWomen authors.
650 0. ‡aSpeeches, addresses, etc., American ‡xWomen authors.
650 0. ‡aMeditations ‡xWomen authors.
650 7. ‡aLITERARY COLLECTIONS / Speeches. ‡2bisacsh
650 7. ‡aLITERARY COLLECTIONS / Essays. ‡2bisacsh
650 7. ‡aLITERARY COLLECTIONS / American / African American. ‡2bisacsh
655 7. ‡aEssays. ‡2fast
655 7. ‡aMeditations. ‡2fast
655 4. ‡aNonfiction.
655 7. ‡aSpeeches. ‡2lcgft
655 7. ‡aEssays. ‡2lcgft
655 7. ‡aMeditations. ‡2lcgft
77608. ‡iOnline version: ‡aMorrison, Toni. ‡tSource of self-regard. ‡bFirst edition. ‡dNew York : Alfred A. Knopf, 2019 ‡z9780525521112 ‡w(DLC) 2018024415
901 . ‡a297772 ‡bOCoLC ‡c297772 ‡tbiblio ‡soclc

Additional Resources